000 00785cam a2200133 4500500
005 20260405085553.0
041 _afre
042 _adc
100 1 0 _aFrançois, Pierre
_eauthor
245 0 0 _aSociologie des marchés
260 _bArmand Colin,
_c2008.
520 _aLa sociologie a multiplié les travaux détaillant le fonctionnement des marchés concrets, mais elle ne propose pas de réflexion théorique systématique sur la notion de marché : qu'est-ce qu'un marché ? Cet ouvrage présente les marchés dans leur diversité (financier, travail, santé...) et légitime la notion de marché comme clé de toute introduction à la sociologie économique.
856 4 1 _uhttps://shs.cairn.info/sociologie-des-marches--9782200345686?lang=fr&redirect-ssocas=7080
999 _c2198625
_d2198625